| 000 | 01077nam a22002057a 4500 | ||
|---|---|---|---|
| 005 | 20110901102144.0 | ||
| 010 | _aG-001132 | ||
| 020 |
_a _c40.00 |
||
| 035 | _aG-001132 | ||
| 037 | _bउपहार | ||
| 082 | _a613.1 | ||
| 100 |
_aशर्मा, पवित्र कुमार _934044 |
||
| 245 |
_aपर्यावरण संरक्षण / _cपवित्र कुमार शर्मा |
||
| 260 |
_aजयपुर _bवैशाली पब्लिकेशन _c2009 |
||
| 270 |
_a29ए, महाराणा प्रताप मार्ग, रिद्धी नगर, 200 फीट बाई पास, वैशाली नगर _bजयपुर _e302021 _k |
||
| 300 |
_a48पृ. _bसचित्र _c22 सेमी (अजिल्द) |
||
| 942 |
_2ddc _cCH _h613.1 _mशर्माप |
||
| 999 |
_c56124 _d56124 |
||